Central Library OPAC University of Rajshahi

Latin America / (Record no. 53980)

MARC details
000 -LEADER
fixed length control field 00678nam a2200241 a 4500
001 - CONTROL NUMBER
control field 53980
003 - CONTROL NUMBER IDENTIFIER
rucl marc code BD-RjUL
005 - DATE AND TIME OF LATEST TRANSACTION
control field 20211209080044.0
008 - FIXED-LENGTH DATA ELEMENTS--GENERAL INFORMATION
fixed length control field 161030s1965 e ||||| |||| 00| 0 eng d
035 ## - SYSTEM CONTROL NUMBER
System control number (BD-RjUL)
040 ## - CATALOGING SOURCE
Original cataloging agency BD-RjUL
Language of cataloging eng
Transcribing agency BD-RjUL
041 ## - LANGUAGE CODE
Language code of text/sound track or separate title eng
082 ## - DEWEY DECIMAL CLASSIFICATION NUMBER
Edition number 23
Classification number 918
Author mark and year ROL 1965
100 1# - MAIN ENTRY--PERSONAL NAME
Personal name Robinson, H
9 (RLIN) 161198
245 10 - TITLE STATEMENT
Title Latin America /
Statement of responsibility, etc. H. Robinson
250 ## - EDITION STATEMENT
Edition statement 2nd ed.
260 ## - PUBLICATION, DISTRIBUTION, ETC. (IMPRINT)
Place of publication, distribution, etc. London :
Name of publisher, distributor, etc. Macdonald & Evans,
Date of publication, distribution, etc. 1965.
300 ## - PHYSICAL DESCRIPTION
Pagination xiii, 498 p. :
Illustrations ill. ;
Size 23 cm
490 ## - SERIES STATEMENT
Series statement The New certificate geography series: Advanced level
500 ## - GENERAL NOTE
General note Includes Index
651 ## - SUBJECT ADDED ENTRY--GEOGRAPHIC NAME
Geographic name Latin America
General subdivision Geography
-- Travel
9 (RLIN) 161199
942 ## - ADDED ENTRY ELEMENTS (KOHA)
Source of classification or shelving scheme Dewey Decimal Classification
Koha item type Books
Holdings
Lost status Source of classification or shelving scheme Damaged status Not for loan Collection code Permanent Location Current Location Shelving location Date acquired Source of acquisition Cost, normal purchase price Total Checkouts Full call number Date last seen Copy number Koha item type
  Dewey Decimal Classification     Fiction Central Library, University of Rajshahi Central Library, University of Rajshahi   08/03/1967 Mirza book agency 18.75   918 ROL 1965 30/10/2016 C-2 Books